000 01082nam a2200205 i 4500
001 41833
003 ES-MaACL
005 20250808084926.0
007 t|
008 030311q19501956sp ||||1| spa d
100 1 _aCastán Tobeñas, José,
_d1889-1969
_936392
245 1 0 _aDerecho civil español común y foral /
_cJosé Castán Tobeñas.
250 _a7ª ed.
260 _a[Madrid :
_bReus,
_c1950?-1956]
300 _a6 v. ;
_c23 cm.
505 8 _aContiene: t.1,v. I: Introducción al estudio del derecho civil. -- t.1, v. II: Teoría de la relación jurídica y los derechos subjetivos. Los derechos de la personalidad. t,2: Derecho de cosas (Propiedad y derechos reales restringidos). -- t.3: Derecho de obligaciones. La obligación y el contrato en general. -- t.4: Derecho de obligaciones. Las particulares relaciones obligatorias. -- t.5, v.I. Derecho de familia. Relaciones. -- t.5, v.II: Derecho de familia. Relaciones paterno-filiales y tutelares
650 0 4 _aDerecho civil-
_zEspaña
_911659
852 _aES-MaACL
_jA-751-56
999 _c41833
_d41833